000
00293nam a22001337a 4500
008
180130b xxu||||| |||| 00| 0 eng d
020
_a
9780071378314
041
_a
eng
080
_2
16th
_a
617
100
_a
8
101
_a
OFT
245
_a
General ophthalmology
_c
Eva,P.R
942
_2
udc
_c
BK
999
_c
41283
_d
41283